000
00305nam a22001457a 4500
008
210427b ||||| |||| 00| 0 eng d
020
_a
2310002145837
041
_a
eng
080
_2
1st
_a
37
082
_a
37
100
_a
46
101
_a
EDU
245
_a
ARC Reader
_c
Dickinson,E
942
_2
udc
_c
BK
999
_c
56817
_d
56817